| 000 | 00746nam a2200241Ia 4500 | ||
|---|---|---|---|
| 001 | 559 | ||
| 003 | GE_BSU | ||
| 008 | 181216s||||||||xx |||||||||||||| ||und|| | ||
| 020 | _a9994059459 | ||
| 040 | _cGE_BSU | ||
| 080 | _a502(075.3) | ||
| 100 | _aვარდიაშვილი, მანანა | ||
| 245 | _aბუნება. | ||
| 245 | _bVI კლასის სახემძღვანელო | ||
| 245 | _cრედ. კასრაძე მანანა | ||
| 260 | _aთბილისი | ||
| 260 | _bინტელექტი | ||
| 260 | _c2007 | ||
| 300 | _a64 გვ. | ||
| 541 | _h5 ლ. | ||
| 653 | _aბუნება. VIკლასის სახელმძღვანელო | ||
| 942 | _cBK | ||
| 999 |
_c34761 _d34761 |
||